| 000 | 00533nam a2200169 i 4500 | ||
|---|---|---|---|
| 001 | 90446 | ||
| 003 | ES-MaACL | ||
| 005 | 20250809030231.0 | ||
| 007 | t| | ||
| 008 | 050120s1957 sp ||||1| spa d | ||
| 245 | 0 | 0 |
_aLegislación social vigente _b: complemento a la reglamentación nacional del trabajo. |
| 260 |
_aBarcelona : _bLegislación Social Vigente, _c1957 ( _fAleu) |
||
| 300 |
_a9 t. en 1 v. ; _c21 cm. |
||
| 650 | 0 | 4 |
_aDerecho laboral- _zEspaña _911726 |
| 852 |
_aES-MaACL _jC-12405 _bR.41118 |
||
| 999 |
_c90446 _d90446 |
||